| 000 | 00684nam a2200193 4500 | ||
|---|---|---|---|
| 001 | 119882 | ||
| 003 | ES-MaACL | ||
| 005 | 20230906191420.0 | ||
| 007 | t| | ||
| 008 | 070214s1955 cu r ||||1| spa d | ||
| 100 | 1 |
_aPino, María Cruz del. _992171 |
|
| 245 | 1 | 0 |
_aCamagüey _b: (biografía de una provincia) : obra laureada / _cpor la Dra. Mary Cruz de del Pino [sic]. |
| 260 |
_aLa Habana : _b[s. n.], _c1955 ( _fImp. El Siglo XX) |
||
| 300 |
_aVI, 257 p., 6 lám. ; _c24 cm. |
||
| 500 | _aPrecede al tít.: Academia de la Historia de Cuba. | ||
| 710 | 2 |
_aAcademia de la Historia de Cuba. _91183 |
|
| 852 |
_aES-MaACL _jC-10193 _bR.38579 |
||
| 852 |
_aES-MaACL _jC-8711 _bR.38594 |
||
| 999 |
_c119882 _d119882 |
||